Statistics for World Capitals by a Single Clue #5

Click here to take the quiz!

General Stats

  • This quiz has been taken 4,242 times
  • The average score is 13 of 20

Answer Stats

CountryClueCapital City% Correct
SeychellesNamed for a British queenVictoria
89%
KuwaitCaptured by Iraqi forces in 1990Kuwait City
87%
Bosnia and
Herzegovina
Where Franz Ferdinand was assassinated in 1914Sarajevo
85%
BangladeshThe largest Bengali-speaking city in the worldDhaka
82%
RomaniaIt first became a capital in 1459 under Vlad the ImpalerBucharest
77%
KenyaWhere Barack Obama's father died in 1982Nairobi
76%
SenegalWesternmost city on the mainland of AfricaDakar
75%
BelarusSpelled Мінск in its native languageMinsk
73%
LuxembourgAlong with Brussels and Strasbourg, it is one of three capitals of the EULuxembourg
71%
KazakhstanKnown as Nur-Sultan from 2019–2022Astana
70%
AfghanistanLocated in a valley of the Hindu Kush mountain rangeKabul
70%
Libya
Its name reflects its origin as three different cities or, in Greek, "poli"
Tripoli
69%
CubaHome to the Tropicana nightclubHavana
67%
Trinidad and TobagoFounded by Spain in 1560 with the name "Puerto España"Port-of-Spain
65%
SwitzerlandWhere Albert Einstein worked as a patent examinerBern
64%
JordanThe largest city in the LevantAmman
49%
EthiopiaServes as the headquarters of the African UnionAddis Ababa
44%
AlbaniaIts international airport is named in honor of Mother TeresaTirana
43%
Colombia
Has the highest elevation of any city in the world with a
population over 5 million
Bogotá
34%
D. R. Congo
Established as a trading post by Henry Morton Stanley in 1881,
it today has a population over 15 million
Kinshasa
31%

Score Distribution

Percentile by Number Answered

Percent of People with Each Score

Your Score History

You have not taken this quiz